Bibliografía de ciencias sociales : (Record no. 111407)

MARC details
000 -LEADER
campo de control de longitud fija 00698nam a2200205 4500
001 - NÚMERO DE CONTROL
campo de control 111407
003 - IDENTIFICADOR DE NÚMERO DE CONTROL
campo de control ES-MaACL
005 - FECHA Y HORA DE LA ÚLTIMA TRANSACCIÓN
campo de control 20250729045643.0
007 - CAMPO FIJO DE DESCRIPCIÓN FÍSICA--INFORMACIÓN GENERAL
campo de control de longitud fija t|
008 - DATOS DE LONGITUD FIJA--INFORMACIÓN GENERAL
campo de control de longitud fija 061121s1973 sp b 00110 spa d
080 ## - NÚMERO DE LA CLASIFICACIÓN DECIMAL UNIVERSAL
Número de la Clasificación Decimal Universal 016:3
100 1# - ENTRADA PRINCIPAL--NOMBRE DE PERSONA
Nombre de persona Olivé Andreu, Gabriel.
9 (RLIN) 86784
245 10 - MENCIÓN DEL TÍTULO
Título Bibliografía de ciencias sociales :
Resto del título 250 fichas e índices de libros de bolsillo : (2ª serie) /
Mención de responsabilidad, etc. Gabriel Olivé Andreu.
260 ## - PUBLICACIÓN, DISTRIBUCIÓN, ETC.
Lugar de publicación, distribución, etc. Madrid :
Nombre del editor, distribuidor, etc. A.B.P.E.S.,
Fecha de publicación, distribución, etc. 1973.
300 ## - DESCRIPCIÓN FÍSICA
Extensión 158 p. ;
Dimensiones 17 cm.
650 #7 - PUNTO DE ACCESO ADICIONAL DE MATERIA--TÉRMINO DE MATERIA
Término de materia o nombre geográfico como elemento de entrada Ciencias sociales-
Subdivisión de forma Bibliografías
Fuente del encabezamiento o término
9 (RLIN) 144047
710 2# - ENTRADA AGREGADA--NOMBRE DE ENTIDAD CORPORATIVA
Nombre de entidad corporativa o nombre de jurisdicción como elemento de entrada Archivo Bibliográfico Politico-Económico-Sociológico (Madrid)
9 (RLIN) 144046
852 ## - LOCALIZACIÓN
Ubicación ES-MaACL
Número de control de estantería E-7941
Holdings
Estatus retirado Estado de pérdida Estado de daño No para préstamo Biblioteca de origen Biblioteca actual Ubicación en estantería Fecha de adquisición Fuente de adquisición Total de préstamos Signatura topográfica completa Código de barras Visto por última vez Precio de reemplazo Tipo de ítem Koha
        Biblioteca del Ateneo de Madrid Biblioteca del Ateneo de Madrid Depósito 2 17/01/2008     E-7941 1116227 23/02/2023 23/02/2023 Libro impreso